| 000 | 00442nam a2200121Ia 4500 | ||
|---|---|---|---|
| 008 | 220620s9999||||xx |||||||||||||| ||und|| | ||
| 245 | 0 |
_aMATLAB _bA Fundamental Tool for Scientific Computing and Engineering Applications - Volume 3 |
|
| 546 | _aEnglish[eng] | ||
| 650 | _aComputer modelling & simulation | ||
| 700 | _aKatsikis, Vasilios N. | ||
| 856 | _uhttps://mts.intechopen.com/storage/books/3037/authors_book/authors_book.pdf | ||
| 942 | _cEB | ||
| 999 |
_c33579 _d33579 |
||